| 000 | 01542 a2200205 4500 | ||
|---|---|---|---|
| 001 | 13272 | ||
| 005 | 20260407155441.0 | ||
| 008 | 260407a1991 arg spa d | ||
| 003 | AR-UNSa-BCEJYS | ||
| 040 |
_aAR-UNSa-BCEJYS _bspa _cAR-UNSa-BCEJYS |
||
| 080 |
_a657.6 _xAuditoria (control interno) |
||
| 245 | 1 | 0 | _aAuditoría aplicada |
| 264 | 1 |
_aBuenos Aires : _bEdiciones Macchi _c1991 |
|
| 300 |
_a2 v. _c22 cm. |
||
| 505 | _aVolumen I: 1.Proceso de Auditoria - 2.Procedimientos de Auditoria - 3. Planeamiento y Administración - 4. Consideración de los controles internos - 5. Muestreo - 6. Evidencias y archivos de auditoria - 7. La relación con el cliente - 8. Controles de calidad - 9. Trabajos Iniciales - 10. Patrimonio neto y saldo con los socios - 11. Deudas y resultados por préstamos.Volumen II: 12. Bienes de uso, intangibles y cuentas relacionadas - 13. Compra, proveedores y cuentas relacionadas - 14. Remuneraciones y cargas sociales - 15. Existencias y cuentas de resultados relacionadas - 16. Ventas, créditos por ventas y cuentas relacionadas - 17. Fondos y resultados relacionados - 18. Inversiones permanentes y sus resultados - 19. Impuestos - 20. Contingencias - 21. Deudores y acreedores varios - 22. Resultados y evolución financiera - 23. Trabajos finales. | ||
| 942 | _cBK | ||
| 590 | _aniveau_biblio:m niveau_hierar:0 | ||
| 100 | 1 | _aFowler Newton, Enrique | |
| 856 | 4 | 1 |
_uhttps://biblioeco.unsa.edu.ar/pmb/images/libros/Auditor?a aplicada Fowler Newton, Enrique (1944-) (1991).jpg _yImagen de portada _qimage/jpeg |
| 999 |
_c517 _d517 |
||